000 00674nam a2200229 i 4500
001 C2-0324258
003 PPAK
005 20180728122636.0
008 131205s2012 nyua|||| ||||| | eng d
020 _a9781426310386
040 _aPPAK
_beng
_cPPAK
_erda
082 0 4 _a552
_223
090 0 0 _a552
_bZOE
_dLCK
100 1 _aZoehfeld, Kathleen Weidner,
_eauthor
245 1 0 _aNational Geographic Level 2 :
_brocks and minerals
264 1 _aNew York :
_bNatioanal Geographic Society ,
_c2012
300 _a32 pages :
_bcolour illustrations ;
_c24 cm
336 _2rdacontent
_atext
337 _2rdamedia
_aunmediated
338 _2rdacarrier
_avolume
942 _ddc
_cB
999 _c124232
_d124232